| 000 | 00472nam a22001457a 4500 | ||
|---|---|---|---|
| 008 | 230612b |||||||| |||| 00| 0 eng d | ||
| 040 |
_aNational Science Library _cNational Science Library |
||
| 080 | _a668.6 | ||
| 245 |
_aReview of productivity in the fertilizer industry _c/ British Productivity Council |
||
| 260 |
_aLondon: _bBritish Productivity Council, _61954 |
||
| 300 | _a29p. | ||
| 650 | _aLanguage | ||
| 653 | _aIndustry | ||
| 942 |
_2udc _cREF |
||
| 999 |
_c42175 _d42175 |
||